000 00410nam a2200133Ia 4500
008 151001s9999||||xx |||||||||||||| ||und||
100 _aनर्मदा इंदूरखा
245 _aहिन्दी व्याकरण और रचना
250 _a1
260 _bनर्मदा पुस्तक प्रकाशन
260 _c2009
300 _a80
365 _b21
999 _c995204
_d995201